Now is your time!: (Record no. 6538)

MARC details
000 -LEADER
fixed length control field 00574nam a22001817a 4500
003 - CONTROL NUMBER IDENTIFIER
control field GBCCL
005 - DATE AND TIME OF LATEST TRANSACTION
control field 20241126110605.0
008 - FIXED-LENGTH DATA ELEMENTS--GENERAL INFORMATION
fixed length control field 180517b ||||| |||| 00| 0 eng d
020 ## - INTERNATIONAL STANDARD BOOK NUMBER
International Standard Book Number 0060243708
040 ## - CATALOGING SOURCE
Transcribing agency gbc
082 ## - DEWEY DECIMAL CLASSIFICATION NUMBER
Classification number 973.0496073
Item number MYE
100 ## - MAIN ENTRY--PERSONAL NAME
Personal name Myers, Walter Dean
Dates associated with a name 1937 - 2014
9 (RLIN) 11247
245 ## - TITLE STATEMENT
Title Now is your time!:
Remainder of title The African-American struggle for freedom /
Statement of responsibility, etc. Walter Dean Myers
260 ## - PUBLICATION, DISTRIBUTION, ETC.
Place of publication, distribution, etc. New York:
Name of publisher, distributor, etc. Harper Collins,
Date of publication, distribution, etc. 1991
300 ## - PHYSICAL DESCRIPTION
Extent 292 p.;
Other physical details ill., port.,
Dimensions 23 cm.
650 ## - SUBJECT ADDED ENTRY--TOPICAL TERM
Topical term or geographic name entry element Afro-Americans
Form subdivision History
General subdivision Juvenile Literature
9 (RLIN) 11706
942 ## - ADDED ENTRY ELEMENTS (KOHA)
Source of classification or shelving scheme Dewey Decimal Classification
Koha item type Books
Holdings
Withdrawn status Lost status Source of classification or shelving scheme Damaged status Not for loan Home library Current Library Shelving location Date acquired Total checkouts Full call number Barcode Date last seen Copy number Price effective from Koha item type
    Dewey Decimal Classification     GRACE BIBLE COLLEGE GRACE BIBLE COLLEGE General Studies 2018-05-17   973.0496073 MYE 007949 2025-05-01 c.1 2018-05-17 Books
© Grace Bible College Library 2025